Central Library OPAC University of Rajshahi

The thirteen steps to the atom : (Record no. 68052)

MARC details
000 -LEADER
fixed length control field 00649nam a2200217 a 4500
001 - CONTROL NUMBER
control field 68052
003 - CONTROL NUMBER IDENTIFIER
rucl marc code BD-RjUL
005 - DATE AND TIME OF LATEST TRANSACTION
control field 20211209081727.0
008 - FIXED-LENGTH DATA ELEMENTS--GENERAL INFORMATION
fixed length control field 170330s1959 nyua 001 0 eng
035 ## - SYSTEM CONTROL NUMBER
System control number (BD-RjUL)68261
040 ## - CATALOGING SOURCE
Original cataloging agency DLC/ICU
Transcribing agency ICU
Modifying agency BD-RjUL
Language of cataloging eng
041 1# - LANGUAGE CODE
Language code of text/sound track or separate title engfre
082 00 - DEWEY DECIMAL CLASSIFICATION NUMBER
Classification number 502.82
Edition number 23
Author mark and year MAT 1959
100 1# - MAIN ENTRY--PERSONAL NAME
Personal name Martin, Charles-Noël,
Dates associated with a name 1923-
9 (RLIN) 201727
245 14 - TITLE STATEMENT
Title The thirteen steps to the atom :
Remainder of title a photographic exploration /
Statement of responsibility, etc. Translated by B.B. Rafter.
260 ## - PUBLICATION, DISTRIBUTION, ETC. (IMPRINT)
Place of publication, distribution, etc. New York :
Name of publisher, distributor, etc. F. Watts,
Date of publication, distribution, etc. c1959
300 ## - PHYSICAL DESCRIPTION
Pagination 255 p. :
Illustrations ill. ;
Size 22 cm.
650 #0 - SUBJECT ADDED ENTRY--TOPICAL TERM
Topical term or geographic name as entry element Microscopy.
9 (RLIN) 157380
Topical term or geographic name as entry element Science.
9 (RLIN) 201728
942 ## - ADDED ENTRY ELEMENTS (KOHA)
Source of classification or shelving scheme Dewey Decimal Classification
Koha item type Books
Holdings
Lost status Source of classification or shelving scheme Damaged status Not for loan Collection code Permanent Location Current Location Shelving location Date acquired Source of acquisition Total Checkouts Full call number Date last seen Copy number Koha item type
  Dewey Decimal Classification   Not For Loan Non-fiction Central Library, University of Rajshahi Central Library, University of Rajshahi Reading Room 16/08/1960 freedom   502.82 MAT 1959 30/03/2017 C-1 Books